000
00206nam a2200073Ia 4500
008
180219s9999 xx 000 0 und d
100
_a
Mahapatra Damoder
245
0
_a
Special Need Children In Regular Classroms
260
_a
New Delhi Kalyani
999
_c
41341
_d
41341